000 00274nam a2200121 a 4500
001 4144
005 20140414131910.0
008 090317s19uu xx 00 eng d
050 _aER
_bB11 1993
100 _aStortz, Diane
245 _aBaby animal friends.
999 _c111166
_d111166